Reducing construction conflicts between highways and utilities / (Record no. 529475)

000 -LEADER
fixed length control field 01145cam a2200313 a 4500
001 - CONTROL NUMBER
control field 3316187
003 - CONTROL NUMBER IDENTIFIER
control field NUST
005 - DATE AND TIME OF LATEST TRANSACTION
control field 20190926140421.0
008 - FIXED-LENGTH DATA ELEMENTS--GENERAL INFORMATION
fixed length control field 850104s1984 dcua 000 0 eng
010 ## - LIBRARY OF CONGRESS CONTROL NUMBER
LC control number 84052856
020 ## - INTERNATIONAL STANDARD BOOK NUMBER
International Standard Book Number 0309038715 (pbk.) :
Terms of availability $8.00
038 ## - RECORD CONTENT LICENSOR
Staff Name MSOHAIL
040 ## - CATALOGING SOURCE
Original cataloging agency DLC
Transcribing agency DLC
Modifying agency DLC
043 ## - GEOGRAPHIC AREA CODE
Geographic area code n-us---
050 00 - LIBRARY OF CONGRESS CALL NUMBER
Classification number HE355.3.U8
Item number R55 1984
082 00 - DEWEY DECIMAL CLASSIFICATION NUMBER
Classification number 625.7
Edition number 19
100 1# - MAIN ENTRY--PERSONAL NAME
Personal name Riley, Orrin.
9 (RLIN) 21140
245 10 - TITLE STATEMENT
Title Reducing construction conflicts between highways and utilities /
Statement of responsibility, etc. Orrin Riley.
260 ## - PUBLICATION, DISTRIBUTION, ETC.
Place of publication, distribution, etc. Washington, D.C. :
Name of publisher, distributor, etc. Transportation Research Board, National Research Council,
Date of publication, distribution, etc. [1984]
300 ## - PHYSICAL DESCRIPTION
Extent 73 p. :
Other physical details ill. ;
Dimensions 28 cm.
440 #0 - SERIES STATEMENT/ADDED ENTRY--TITLE
Title Synthesis of highway practice,
International Standard Serial Number 0547-5570 ;
Volume/sequential designation 115
9 (RLIN) 21614
500 ## - GENERAL NOTE
General note "December 1984."
650 #0 - SUBJECT ADDED ENTRY--TOPICAL TERM
Topical term or geographic name entry element Public utilities
General subdivision Right of way
Geographic subdivision United States.
9 (RLIN) 21615
650 #0 - SUBJECT ADDED ENTRY--TOPICAL TERM
Topical term or geographic name entry element Roads
General subdivision Right of way
Geographic subdivision United States.
9 (RLIN) 21616
650 #0 - SUBJECT ADDED ENTRY--TOPICAL TERM
Topical term or geographic name entry element Road construction industry
Geographic subdivision United States
General subdivision Management.
9 (RLIN) 21617
710 2# - ADDED ENTRY--CORPORATE NAME
Corporate name or jurisdiction name as entry element National Research Council (U.S.).
Subordinate unit Transportation Research Board.
9 (RLIN) 19676
906 ## - LOCAL DATA ELEMENT F, LDF (RLIN)
a 7
b cbc
c orignew
d 3
e ocip
f 19
g y-gencatlg
942 ## - ADDED ENTRY ELEMENTS (KOHA)
Source of classification or shelving scheme
Koha item type Book
Holdings
Withdrawn status Lost status Source of classification or shelving scheme Damaged status Not for loan Permanent Location Current Location Date acquired Total Checkouts Full call number Barcode Date last seen Price effective from Koha item type
          School of Civil and Environmental Engineering (SCEE) School of Civil and Environmental Engineering (SCEE) 09/26/2019   625.7 NIT-10928 09/26/2019 09/26/2019 Book
© 2023 Central Library, National University of Sciences and Technology. All Rights Reserved.